[Вып. 2]; Повышение качества отливок и слитков

Detalhes bibliográficos
Parent link:Повышение качества отливок и слитков: межвузовский сборник/ Горьковский политехнический институт имени А. А. Жданова (ГПИ) ; отв. ред. А. А. Рыжиков. [Вып. 2].— , 1979-
Idioma:russo
Publicado em: 1981
Assuntos:
Formato: MixedMaterials Livro
KOHA link:https://koha.lib.tpu.ru/cgi-bin/koha/opac-detail.pl?biblionumber=299823

MARC

LEADER 00000nam2a2200000 4500
001 299823
005 20231102001236.0
035 |a (RuTPU)RU\TPU\book\324976 
035 |a RU\TPU\book\324199 
090 |a 299823 
100 |a 20150702d1981 k y0rusy50 ca 
101 0 |a rus 
102 |a RU 
105 |a a z 001zy 
200 0 |a [Вып. 2] 
210 |d 1981 
215 |a 111 с.  |c ил. 
320 |a Библиогр. в конце ст. 
461 1 |0 (RuTPU)RU\TPU\book\323292  |t Повышение качества отливок и слитков  |o межвузовский сборник  |f Горьковский политехнический институт имени А. А. Жданова (ГПИ) ; отв. ред. А. А. Рыжиков  |v [Вып. 2]  |d 1979-  
606 1 |a Отливки  |x Качество  |x Обеспечение  |2 stltpush  |3 (RuTPU)RU\TPU\subj\47730  |9 66642 
606 |a Стальные слитки  |x Качество  |2 stltpush  |3 (RuTPU)RU\TPU\subj\56713  |9 74604 
610 1 |a эффективные методы 
610 1 |a черные сплавы 
610 1 |a цветные металлы 
610 1 |a литейное производство 
610 1 |a новые технологии 
610 1 |a фасонные отливки 
610 1 |a стальные слитки 
610 1 |a чугунные отливки 
675 |a 621.74.002.6  |v 4 
675 |a 621.746.58  |v 4 
801 1 |a RU  |b 63413507  |c 20150624 
801 2 |a RU  |b 63413507  |c 20210426  |g RCR 
942 |c BK